Informe de actividades 2002: Sección Nacional Chilena de la Comisión para la Conservación de los Recursos Vivos Marinos, CCRVMA

Salvato in:
Dettagli Bibliografici
Ente Autore: Universidad Católica de Valparaíso (Autore)
Natura: Libro
Lingua:spagnolo
Pubblicazione: Valparaíso Universidad Católica de Valparaíso 2002
Serie:Estudios y Documentos, 22
Soggetti:
Tags: Aggiungi Tag
Nessun Tag, puoi essere il primo ad aggiungerne!!

MARC

LEADER 00000nam a2200000 a 4500
001 UCM9088
003 CL-VaPUC
008 030411e20020000CL |||||||||||||||||spa|d
082 0 4 |a 333.9528  |b UNI  |2 21 
110 2 |a Universidad Católica de Valparaíso  |e author  |9 475466 
245 1 0 |a Informe de actividades 2002: Sección Nacional Chilena de la Comisión para la Conservación de los Recursos Vivos Marinos, CCRVMA 
300 |a 159 p 
942 |c BK 
945 |d 20030411 00:00:00  |a cmena 
260 |a Valparaíso  |b Universidad Católica de Valparaíso  |c 2002 
650 0 |a Recursos marinos  |9 261196 
650 7 |a CONSERVACION DE LOS RECURSOS MARINOS  |2 CL-VaPUC  |9 261851 
650 0 |a Ecología marina   |9 259946 
650 0 |a Protección del medio ambiente  |9 257626 
651 0 |a Antártica (Antártida)  |9 324088 
583 |a last modification  |c 20030411 00:00:00  |k Rodrigo Vera 
490 0 |a Estudios y Documentos, 22 
999 |c 303465  |d 303463